000 00269nam a22001217a 4500
008 170601b xxu||||| |||| 00| 0 eng d
041 _aeng
080 _a93
100 _a17
101 _aSHH
245 _aCOLLECTED LETTERS 1874-1897
_cLAURENCE, D.H
942 _2udc
_cBK
999 _c15273
_d15273